000 00877nam a2200229 a 4500
001 559
003 CO-ViMGA
008 141112s2004 ck r 000 u spa d
040 _aCO-ViMGA
_bspa
_cCO-ViMGA
082 0 4 _a155.4 C378
100 1 _aCervera, Monserrat
_948401
245 1 0 _aAsesoramiento familiar de educación infantil :
_bguía práctica /
_cCervera Montserrat , Feliú Helena
250 _a2a
260 _aMadrid ; Visor,
_c1995
300 _a139 p
490 _aAprendizaje
505 _aComportamiento Voluntario, involuntario, heredado, adquirido 43 - - Modificación del comportamiento Comportamiento infantil, comportamiento desadaptado 69 - - Algunos comportamientos desadaptados Comportamientos adaptados 105
650 1 4 _aCOMPORTAMIENTOS
_948402
650 1 4 _aeducación INFANTIL
_948403
650 1 4 _aPSICOLOGIA INFANTIL
_91631
942 _2ddc
_cBK
999 _c12800
_d12800